| 000 | 00609nam a2200217 4500 | ||
|---|---|---|---|
| 001 | 118885 | ||
| 003 | ES-MaACL | ||
| 005 | 20240430093619.0 | ||
| 007 | t| | ||
| 008 | 070214s1981 sp r ||||1| spa d | ||
| 020 | _a8435902404 | ||
| 100 | 1 |
_aPérez Comesaña, María Emilia. _990738 |
|
| 245 | 1 | 0 |
_aImprontus / _cMª Emilia Pérez Comesaña. |
| 260 |
_aMadrid : _bPlayor, _c1981. |
||
| 300 |
_a69 p. : _bil ; _c19 cm. |
||
| 490 | 1 | _aPlayor nueva poesía | |
| 830 | 0 |
_aNueva poesía (Playor) _9180866 |
|
| 852 |
_aES-MaACL _j2131-F-6 _bR.108841 |
||
| 942 | _2udc | ||
| 999 |
_c118885 _d118885 |
||